|
|
|
|
| LEADER |
00746cam a2200229 7i4500 |
| 001 |
0000037035 |
| 005 |
20230110090000.0 |
| 007 |
##ta |
| 008 |
230110s2015 eng |
| 020 |
# |
# |
|a 9788172234980
|
| 040 |
# |
# |
|a MATR
|
| 090 |
0 |
# |
|a FI 869.342
|b COE
|
| 100 |
1 |
# |
|a Coelho, Paulo
|e author
|
| 245 |
1 |
4 |
|a The Alchemist :
|b A Fable About Following Your Dream
|c by Paulo Coelho and Alan R. Clarke.
|
| 264 |
# |
1 |
|a India:
|b HarperCollins Publishers,
|c 2015.
|
| 300 |
# |
# |
|a xiv, 161 pages:
|b illustrations;
|c 20 cm.
|
| 336 |
# |
# |
|a text
|2 rdacontent
|
| 337 |
# |
# |
|a unmediated
|2 rdamedia
|
| 338 |
# |
# |
|a volume
|2 rdacarrier
|
| 650 |
# |
0 |
|a Alchemists $v Fiction
|
| 700 |
1 |
# |
|a Clarke, Alan R.
|
| 999 |
|
|
|a 0000041856
|b Book
|c Book
|e Business Information Centre
|